000 01063nam0a22002651 4500
001 rc\2991606
005 20250806211705.0
035 _a(NLR Aleph) 007135661
090 _a67177
_c67177
100 _a20110915d1944 u y0rusy50 ca
101 0 _arus
102 _aRU
105 _aa z |||||
200 1 _aРемонт кровельных покрытий битумной пастой
_fинж. М.Г. Баранников
_gНар. ком. коммун. хоз-ва РСФСР. Всесоюз. науч. инж.-техн. о-во жил. хоз-ва "ВНИТО" ж. х.
210 _aМосква
_aЛенинград
_cИзд-во Наркомхоза РСФСР
_d1944
_eМосква
215 _a27 с.
_cчерт.
_d22 см
300 _aБез обл.
700 1 _aБаранников
_bМ.Г.
_gМихаил Григорьевич
801 0 _aRU
_bNLR
_gpsbo
801 1 _aRU
_bELAR
_2rusmarc
852 _aNLR
_jТ80 Г-6/150
942 _cBOOK
945 _aРоссийская национальная библиотека
980 _aNB
980 _aBV